<?xml version="1.0" encoding="UTF-8"?>
<record
    xmlns:xsi="http://www.w3.org/2001/XMLSchema-instance"
    xsi:schemaLocation="http://www.loc.gov/MARC21/slim http://www.loc.gov/standards/marcxml/schema/MARC21slim.xsd"
    xmlns="http://www.loc.gov/MARC21/slim">

  <leader>00401nam a22001697a 4500</leader>
  <controlfield tag="005">20231103124509.0</controlfield>
  <controlfield tag="008">231103b        |||||||| |||| 00| 0 eng d</controlfield>
  <datafield tag="020" ind1=" " ind2=" ">
    <subfield code="a">978-81-7192-068-6</subfield>
  </datafield>
  <datafield tag="041" ind1=" " ind2=" ">
    <subfield code="a">eng</subfield>
  </datafield>
  <datafield tag="082" ind1=" " ind2=" ">
    <subfield code="a">622.7</subfield>
  </datafield>
  <datafield tag="100" ind1=" " ind2=" ">
    <subfield code="a">GHOSHAL, S.C</subfield>
    <subfield code="9">8223</subfield>
  </datafield>
  <datafield tag="245" ind1=" " ind2=" ">
    <subfield code="a">HANDBOOK ON SAMPLING OF ORES AND MINERALS</subfield>
  </datafield>
  <datafield tag="260" ind1=" " ind2=" ">
    <subfield code="a">NAGPUR</subfield>
    <subfield code="b">DATTSONS</subfield>
  </datafield>
  <datafield tag="300" ind1=" " ind2=" ">
    <subfield code="a">154;p</subfield>
  </datafield>
  <datafield tag="650" ind1=" " ind2=" ">
    <subfield code="a">MINING</subfield>
  </datafield>
  <datafield tag="942" ind1=" " ind2=" ">
    <subfield code="c">BK</subfield>
  </datafield>
  <datafield tag="999" ind1=" " ind2=" ">
    <subfield code="c">8446</subfield>
    <subfield code="d">8444</subfield>
  </datafield>
  <datafield tag="952" ind1=" " ind2=" ">
    <subfield code="0">0</subfield>
    <subfield code="1">0</subfield>
    <subfield code="4">0</subfield>
    <subfield code="7">0</subfield>
    <subfield code="8">REF</subfield>
    <subfield code="a">JRU</subfield>
    <subfield code="b">JRU</subfield>
    <subfield code="c">SHELF-7-H</subfield>
    <subfield code="d">2023-11-03</subfield>
    <subfield code="e">PURCHASE [LBI000225/29-10-2023]</subfield>
    <subfield code="g">595.00</subfield>
    <subfield code="l">0</subfield>
    <subfield code="o">622.7</subfield>
    <subfield code="p">28045</subfield>
    <subfield code="r">2023-11-03 12:46:16</subfield>
    <subfield code="w">2023-11-03</subfield>
    <subfield code="y">BK</subfield>
  </datafield>
  <datafield tag="952" ind1=" " ind2=" ">
    <subfield code="0">0</subfield>
    <subfield code="1">0</subfield>
    <subfield code="4">0</subfield>
    <subfield code="7">0</subfield>
    <subfield code="8">MINING</subfield>
    <subfield code="a">JRU</subfield>
    <subfield code="b">JRU</subfield>
    <subfield code="c">SHELF-100-F</subfield>
    <subfield code="d">2023-11-03</subfield>
    <subfield code="e">PURCHASE [LBI000225/29-10-2023]</subfield>
    <subfield code="g">595.00</subfield>
    <subfield code="l">2</subfield>
    <subfield code="o">622.7</subfield>
    <subfield code="p">28046</subfield>
    <subfield code="q">2026-05-14</subfield>
    <subfield code="r">2026-02-13 06:44:33</subfield>
    <subfield code="s">2026-02-13</subfield>
    <subfield code="w">2023-11-03</subfield>
    <subfield code="y">BK</subfield>
  </datafield>
  <datafield tag="952" ind1=" " ind2=" ">
    <subfield code="0">0</subfield>
    <subfield code="1">0</subfield>
    <subfield code="4">0</subfield>
    <subfield code="7">0</subfield>
    <subfield code="8">MINING</subfield>
    <subfield code="a">JRU</subfield>
    <subfield code="b">JRU</subfield>
    <subfield code="c">SHELF-100-F</subfield>
    <subfield code="d">2023-11-03</subfield>
    <subfield code="e">PURCHASE [LBI000225/29-10-2023]</subfield>
    <subfield code="g">595.00</subfield>
    <subfield code="l">3</subfield>
    <subfield code="o">622.7</subfield>
    <subfield code="p">28047</subfield>
    <subfield code="r">2024-10-01 12:14:01</subfield>
    <subfield code="s">2024-09-23</subfield>
    <subfield code="w">2023-11-03</subfield>
    <subfield code="y">BK</subfield>
  </datafield>
  <datafield tag="952" ind1=" " ind2=" ">
    <subfield code="0">0</subfield>
    <subfield code="1">0</subfield>
    <subfield code="4">0</subfield>
    <subfield code="7">0</subfield>
    <subfield code="8">MINING</subfield>
    <subfield code="a">JRU</subfield>
    <subfield code="b">JRU</subfield>
    <subfield code="c">SHELF-100-F</subfield>
    <subfield code="d">2023-11-03</subfield>
    <subfield code="e">PURCHASE [LBI000225/29-10-2023]</subfield>
    <subfield code="g">595.00</subfield>
    <subfield code="l">2</subfield>
    <subfield code="o">622.7</subfield>
    <subfield code="p">28048</subfield>
    <subfield code="r">2026-02-10 05:14:13</subfield>
    <subfield code="s">2026-01-13</subfield>
    <subfield code="w">2023-11-03</subfield>
    <subfield code="y">BK</subfield>
  </datafield>
  <datafield tag="952" ind1=" " ind2=" ">
    <subfield code="0">0</subfield>
    <subfield code="1">0</subfield>
    <subfield code="4">0</subfield>
    <subfield code="7">0</subfield>
    <subfield code="8">MINING</subfield>
    <subfield code="a">JRU</subfield>
    <subfield code="b">JRU</subfield>
    <subfield code="c">SHELF-100-F</subfield>
    <subfield code="d">2023-11-03</subfield>
    <subfield code="e">PURCHASE [LBI000225/29-10-2023]</subfield>
    <subfield code="g">595.00</subfield>
    <subfield code="l">2</subfield>
    <subfield code="o">622.7</subfield>
    <subfield code="p">28049</subfield>
    <subfield code="r">2026-01-05 11:08:10</subfield>
    <subfield code="s">2025-12-15</subfield>
    <subfield code="w">2023-11-03</subfield>
    <subfield code="y">BK</subfield>
  </datafield>
</record>
